| 000 | 00559nam a2200205Ia 4500 | ||
|---|---|---|---|
| 008 | 220216s9999 xx 000 0 und d | ||
| 100 | _aAgrawal S | ||
| 245 | 0 | _aUse of marble waste in rubber industry : Part.1 (in NR compound) | |
| 260 |
_bProgress in Rubber, Plastics and Recycling Technology _c2004 |
||
| 300 | _a229-246 | ||
| 650 | _aMarble waste | ||
| 650 | _aRubber industry | ||
| 700 | _aBandyopadhyay S | ||
| 700 | _aDasgupta M | ||
| 700 | _aDe P P | ||
| 700 | _aDeuri A S | ||
| 700 | _aMandot S | ||
| 700 | _aMukhopadhyay R | ||
| 942 | _cJS | ||
| 999 |
_c71856 _d71856 |
||